| 000 | 00841cam a2200265 a 4500 | ||
|---|---|---|---|
| 999 |
_c12293 _d12293 |
||
| 001 | 16481295 | ||
| 003 | OSt | ||
| 005 | 20200227152101.0 | ||
| 008 | 100928s2010 nyuab b 001 0 eng | ||
| 010 | _a 2010286170 | ||
| 020 | _a9780073370668 (alk. paper) | ||
| 020 | _a0073370665 (alk. paper) | ||
| 040 |
_aDLC _cDLC |
||
| 050 | 0 | 0 |
_aHM1033 _b.M944 2010 |
| 100 | 1 | _aMyers, David G. | |
| 245 | 1 | 0 |
_aSocial psychology / _cDavid G. Myers. |
| 250 | _a10e [ed.] | ||
| 260 |
_aNew York, NY : _bMcGraw-Hill, _cc2010. |
||
| 300 |
_axxiv, 610, [120] p. : _bill. (some col.), map ; _c28 cm. |
||
| 504 | _aIncludes bibliographical references (p. R-1-R-94) and indexes. | ||
| 650 | 0 | _aSocial psychology. | |
| 906 |
_a7 _bcbc _corigcop _d2 _encip _f20 _gy-gencatlg |
||
| 942 |
_2ddc _cPSYCHOLOGY |
||